000 00417nam a2200157Ia 4500
008 240401s2022 xx und d
041 _aeng
082 _a615.321/GOK
100 _aDR.C.K.KOKATE
245 _aPHARMACOGNOSY AND PHYTOCHEMISTRY -I
250 _a5
260 _aPUNE
_bNIRALI PRAKASHAN
_c2022
300 _aP.B/11.52
650 _aPHARMACOGNOSY
650 _aPHARMACOGNOSY AND PHYTOCHEMISTRY -I
999 _c1152109
_d1152109